1270s Missing Words A-Z Quiz Stats

Quiz not verified by Sporcle

Challenge
Share
Tweet
Embed
Score 0/26 Timer 03:00
0 Plays Today
Clue Missing Word % Correct
_____ IX of FranceLouis
96.8%
City of _________ founded, NetherlandsAmsterdam
96.5%
_____ Eleanor of CastileQueen
96.5%
______ I of EnglandEdward
95.8%
Total eclipse of the ___Sun
95.4%
_____ III of EnglandHenry
95.1%
____ Clement IVPope
93.6%
Merton College library, Oxford __________University
93.6%
Manx defeated: ____ of ManIsle
93.3%
St ______'s cross on England's flagGeorge
92.9%
Llywelyn ap Gruffudd, Prince of _____Wales
92.9%
Hakata Bay, _____Japan
91.9%
______ AquinasThomas
91.2%
Clue Missing Word % Correct
____ Otakar II of BohemiaKing
90.5%
____ of four popesYear
83.4%
Eighth _______ launchedCrusade
79.9%
Nichiren: Japanese ________ monkBuddhist
79.5%
Mudejar rebellion in ________ , SpainValència
69.6%
___- New Synagogue in PragueOld
62.2%
Kublai Khan's Yuan _______Dynasty
60.1%
Last _______ community in Portugal Moorish
50.5%
Saint ____/Cita Zita
42.8%
Marco Polo purportedly visits ______Xanadu
42%
Imperial ____ city of AugsburgFree
37.8%
_______ I of GermanyRudolph
37.5%
Charles I of Anjou and ______Naples
27.9%

You're not logged in!

Compare scores with friends on all Sporcle quizzes.
Join for Free
OR
Log In

You Might Also Like...

Show Comments

Extras

Top Quizzes Today


Score Distribution

Your Account Isn't Verified!

In order to create a playlist on Sporcle, you need to verify the email address you used during registration. Go to your Sporcle Settings to finish the process.

Report this User

Report this user for behavior that violates our Community Guidelines.

Details: